01445nam0a22002411 4500001001100000005001700011021001900028035002600047100004100073101000800114102000700122105001800129200025700147210018100404215002600585320005100611606007200662712019600734712021000930801001801140801002201158852002301180rc\403167120260408070805.0 aRUb[47-21523] a(NLR Aleph) 008092664 a20130415d1947 |||y0rusy50 ca0 arus aRU aa z |||||1 aКузнечное производствоe[Сборник статей]fВсесоюз. науч. инж.-техн. о-во машиностроителей. Урал. отд-ние. Центр. лаборатория Уралмашзавода aСвердловскaМоскваcМашгиз. [Свердл. отд-ние]d1947gТип. Свердл. облупр. изд-в и полиграфии в Н.-Тагиле a24 с.cчерт.d22 aБиблиогр. в конце статей aКузнечное производствоjСборники2psbo02aВсесоюзное научное инженерно-техническое общество машиностроителейbУральское отделение3RU\NLR\AUTH\88996727102aУральский завод тяжелого машиностроения им. С. ОрджоникидзеcСвердловскbЦентральная лаборатория3RU\NLR\AUTH\8810212618 0aRUbNLRgpsbo 1aRUbELAR2rusmarc aNLRjТ36 Г-6/344